• 首页
  • 本馆介绍
  • 公告通知
  • 最新文献
  • 馆藏检索
  • 电子资源
  • 读者导购
  • 参考咨询
  • 我的图书馆
  • 登录
  • 详细信息显示
  • 放入我的书架
  • 预约/预借图书
  • 作者相关作品
  • 分类相关作品
  • 丛书相关作品
  • 出版社相关作品

书目信息

  • 表格格式
  • 工作单格式
  • 卡片格式
题名:
中国经济地理
    
 
作者: 李云明 , 谭汉林 主编
分册:  
出版信息: 徐州   中国矿业大学出版社  1989.7
页数: 367页
开本: 19厘米
丛书名:
单 册:
中图分类: F129.9
科图分类:
主题词: 经济地理--中国
电子资源:
ISBN: 7-81021-273-7
000 00823nam0 2200253 450
001 0100318404
005 20020928000000.0
010    @a7-81021-273-7@dCNY4.95
011    @a7-81021-273-7
100    @a19921223d1989 em y0chiy0110 ea
101 0  @achi
102    @aCN@b320000
105    @ay z 000yy
106    @ar
200 1  @a中国经济地理@9Zhong Guo Jing Ji Di;De Li @f李云明,谭汉林主编@b专著
210    @a徐州@c中国矿业大学出版社@d1989.7
215    @a367页@d19厘米
330    @a本书除对生产力布局的原则、农业、工业等作了全面论述之外,还对商业贸易、旅游、城市经济区、经济特区等方面都作了科学的阐述。
606 0  @a经济地理@y中国
690    @aF129.9@v三版
701  0 @a李云明@9li yun ming@4主编
701  0 @a谭汉林@9tan han lin@4主编
801  0 @aCN@bAiZhiMarc@c19921223
905    @aBZT@dF129.9@e10@f1@sF129.9/10
    
    中国经济地理/李云明,谭汉林主编.-徐州:中国矿业大学出版社,1989.7
    367页;19厘米
    
    
    ISBN 7-81021-273-7:CNY4.95
    本书除对生产力布局的原则、农业、工业等作了全面论述之外,还对商业贸易、旅游、城市经济区、经济特区等方面都作了科学的阐述。
●
相关链接 在五车中查询图书 在当当中查询图书 在豆瓣中查询图书


正题名:中国经济地理     索取号:F129.9/10         预约/预借

序号 登录号 条形码 馆藏地/架位号 状态 备注
1 2000049313   2000049313   旧书回溯/ [索取号:F129.9/10] 在馆    
山东省滨州职业学院图书馆 欢迎您!
大连网信软件有限公司© 版权所有